Vista normal
Vista MARC
- Pascual-Leone Pascual, Ana María
Entrada Nombre de persona
Número de registros utilizados en: 1
001 - NÚMERO DE CONTROL
- campo de control: 2533
003 - IDENTIFICADOR DEL NÚMERO DE CONTROL
- campo de control: ES-MaFIAP
005 - FECHA Y HORA DE LA ÚLTIMA TRANSACCIÓN
- campo de control: 20231228085132.0
008 - DATOS DE LONGITUD FIJA
- campo de control de longitud fija: 231228|| aca||aabn | a|a d
040 ## - FUENTE DE LA CATALOGACIÓN
- Centro catalogador/agencia de origen: ES-MaFIAP
- Centro/agencia transcriptor: ES-MaFIAP
100 ## - ENCABEZAMIENTO-NOMBRE DE PERSONA
- Nombre de persona: Pascual-Leone Pascual, Ana María
- Fechas asociadas al nombre: 1930-
670 ## - FUENTE DE DATOS ENCONTRADOS
- Cita de la fuente: Work cat.: (ES-MaFIAP)1009: Instituto de Bioquímica (Madrid) Grupo de Endocrinología y Metabolismo Perinatal 2531, Investigaciones encaminadas a la prevención de alteraciones adquiridas, no genéticas, del desarrollo , 1994





